James Bond Movies by Locations - Statistics

General Stats
  • This quiz has been taken 1,970 times
    1,558 since last reset
  • The average score is 7 of 10
Answer Stats
Hint Answer % Correct
Istanbul, Shanghai, Macau, Scottish Highlands Skyfall
90%
French chateau, Venice, Rio, Outer Space Moonraker
89%
New York, New Orleans, Jamaica, San Monique (fictional Caribbean island) Live and Let Die
85%
Geneva, Miami, Fort Knox, Baltimore, Mexico Goldfinger
81%
North Korea, South Korea, Hong Kong, Havana, Iceland Die Another Day
78%
India, Moscow, East Berlin, West Berlin, Karl-Marx-Stadt (Chemnitz) Octopussy
68%
Tokyo, Cairo, Las Vegas, Baja California Diamonds Are Forever
65%
Gibraltar, Bratislava, Tangiers, Vienna, Afghanistan The Living Daylights
65%
Beirut, Macau, Hong Kong, Bangkok, Ko Tapu The Man With The Golden Gun
55%
Khyber Pass (Afghanistan/Pakistan), Oxford, Hamburg, Ho Chi Minh City Tomorrow Never Dies
52%
No matching quizzes found
Score Distribution
Percent of People with Each Score
Percentile by Number Answered
Your Score History
You have not taken this quiz since the last reset